Online
Catalog

Enseñanza técnica y práctica de artes y oficios / (Record no. 23112)

MARC details
000 -CABECERA
campo de control de longitud fija 01069nam a2200277 a 4500
001 - NÚMERO DE CONTROL
campo de control 000023616
005 - FECHA Y HORA DE LA ÚLTIMA TRANSACCIÓN
campo de control 20250210091741.0
008 - DATOS DE LONGITUD FIJA--INFORMACIÓN GENERAL
campo de control de longitud fija 101215s1971 mx a r 001 0 spa d
040 ## - FUENTE DE LA CATALOGACIÓN
Centro catalogador/agencia de origen DO-SdBNP
Lengua de catalogación spa
Centro/agencia transcriptor BNPHU
041 17 - CÓDIGO DE LENGUA
Código de lengua del texto/banda sonora o título independiente spa
Código de lengua original eng
Fuente del código Código de idiomas MARC
082 ## - NÚMERO DE LA CLASIFICACIÓN DECIMAL DEWEY
Número de clasificación 371.426
Número de documento/Ítem C395e
049 ## - FONDOS LOCALES (OCLC)
Fondos de biblioteca BNGR
100 1# - ENTRADA PRINCIPAL--NOMBRE DE PERSONA
Nombre de persona Cenci, Louis,
9 (RLIN) 48658
240 10 - TÍTULO UNIFORME
Título uniforme Teaching occupational skills.
Lenguaje de la obra Español.
245 10 - MENCIÓN DE TÍTULO
Título Enseñanza técnica y práctica de artes y oficios /
Mención de responsabilidad, etc. Louis Cenci, Gilbert G. Weaver ; traducción de Rubén Pimentel.
260 ## - PUBLICACIÓN, DISTRIBUCIÓN, ETC.
Lugar de publicación, distribución, etc. México :
Nombre del editor, distribuidor, etc. Limusa-Wiley,
Fecha de publicación, distribución, etc. 1971.
300 ## - DESCRIPCIÓN FÍSICA
Extensión 311 p. :
Otras características físicas il. ;
Dimensiones 21 cm.
534 ## - NOTA SOBRE LA VERSIÓN ORIGINAL
Frase introductoria Título original en inglés:
Mención de título del original Teaching occupational skills.
Publicación, distribución, etc. del original New York : Pitman Publisching, 1968.
500 ## - NOTA GENERAL
Nota general Traducción de la 2a ed. en inglés corregida y aumentada.
500 ## - NOTA GENERAL
Nota general Incluye índice.
650 #4 - PUNTO DE ACCESO ADICIONAL DE MATERIA--TÉRMINO DE MATERIA
Término de materia o nombre geográfico como elemento de entrada Educación tecnológica
9 (RLIN) 17552
650 #0 - PUNTO DE ACCESO ADICIONAL DE MATERIA--TÉRMINO DE MATERIA
Término de materia o nombre geográfico como elemento de entrada Enseñanza vocacional
9 (RLIN) 48659
650 #4 - PUNTO DE ACCESO ADICIONAL DE MATERIA--TÉRMINO DE MATERIA
Término de materia o nombre geográfico como elemento de entrada Artes técnico-industriales
9 (RLIN) 48660
700 1# - PUNTO DE ACCESO ADICIONAL--NOMBRE DE PERSONA
Nombre de persona Weaver, Gilbert G.,
9 (RLIN) 48661
700 1# - PUNTO DE ACCESO ADICIONAL--NOMBRE DE PERSONA
Nombre de persona Pimentel, Rubén,
Término indicativo de función/relación tr.
9 (RLIN) 48662
Holdings
Estado de retiro Estado de pérdida Restricciones de uso No para préstamo Código de colección Localización permanente Ubicación/localización actual Ubicación en estantería Fecha de adquisición Número de inventario Total de préstamos Signatura topográfica completa Código de barras Fecha visto por última vez Precio válido a partir de Tipo de ítem Koha
    Préstamo interno   Monografías: Libros y Folletos General General En catalogación 15.12.2010 LF1   371.426 C395e 23616-10 25.06.2020 25.06.2020 Préstamo interno

Powered by Koha